|
|
|
|
| LEADER |
00731cam a2200193 7i4500 |
| 001 |
0000056633 |
| 005 |
20201217090000.0 |
| 090 |
0 |
0 |
|a T385
|b .I58 2016
|
| 245 |
0 |
0 |
|a Introduction to AutoCAD Plant 3D 2016 :
|b tutorial books.
|
| 300 |
|
|
|a 1 online resource (220 pages):
|b illustrations, text file, PDF.
|
| 336 |
|
|
|a text
|2 rdacontent
|
| 337 |
|
|
|a computer
|2 rdamedia
|
| 338 |
|
|
|a online resource
|2 rdacarrier
|
| 650 |
0 |
0 |
|a Computer graphics
|
| 650 |
0 |
0 |
|a AutoCAD
|
| 655 |
0 |
0 |
|a Electronic books
|
| 856 |
4 |
2 |
|u http://library.unisel.edu.my/equip-unisel/custom/ebook_catalog/IntroductionToAutoCADPlant3D.pdf
|
| 997 |
|
|
|a Communication, Visual Art & Computing, Faculty
|b Computing, Department
|
| 999 |
|
|
|a EBO0002960
|b EBOOK
|c EBOOK
|e Electronic resources
|